| 000 | 01089cam a22002175a 4500 | ||
|---|---|---|---|
| 001 | L155952 | ||
| 008 | 120423s1864 xxk f 000 0 eng d | ||
| 035 | _a(Sirsi) u155952 | ||
| 041 | 0 | _aeng | |
| 100 | 1 | _aBayldon, J. S. | |
| 245 | 0 | 4 |
_aThe art of valuing rents and tillages and claims of tenants upon quitting farms at both Michaelmas and Lady-day _cAs originally written by Mr. Bayldon and ed. by Mr. Robert Baker |
| 250 |
_aThe 8th ed _badapted to the present time, and describing the principles and mode of valuing freehold, copyhold, and leasehold estates, and land and other property for parochial assessment and enfranchisement of copyholds under the recent acts of Parliament relating thereto. By J. Chalmers Morton |
||
| 260 |
_aLondon _bLongman, Green, Longman, Roberts, & Green _c1864 |
||
| 300 |
_axix, 376 p. incl. front. (plan) _c22 cm. |
||
| 583 |
_aCondition reviewed _c20120620 _lcondition level 4 |
||
| 651 | 4 |
_aGreat Britain _y1707- |
|
| 690 |
_aValuation _96273 |
||
| 700 | 1 |
_aBaker, Robert _d1793-1859 |
|
| 700 | 1 |
_aMorton, John Chalmers _d1821-1888 |
|
| 942 | _n0 | ||
| 999 |
_c113939 _d113939 |
||